000 00278nam a2200121Ia 4500
008 220120s9999||||xx |||||||||||||| ||und||
020 _a864490003
082 _a530 NIS
100 _aNisha, K
_911424
245 0 _aEngineering Physics
260 _bNew York
300 _a767p.
_b0
999 _c136442
_d136442